| 000 | 00618nam a2200241Ia 4500 | ||
|---|---|---|---|
| 003 | OSt | ||
| 005 | 20221007071957.0 | ||
| 006 | a|||||r|||| 00| 0 | ||
| 007 | ta | ||
| 008 | 221006b |||||||| |||| 00| 0 eng d | ||
| 024 | _a25,582 | ||
| 037 | _cTextual | ||
| 040 |
_aFLL _cFLL _beng |
||
| 041 |
_2eng _aeng |
||
| 082 | _aZz4, F8 | ||
| 100 |
_aHewart Lord _9107328 |
||
| 245 | 0 | _aMisleading cases in the common law | |
| 250 | _a4th | ||
| 260 |
_aLondon _bMethuen & Co. Ltd. London _c1928 |
||
| 300 |
_axii,1-176p _ccm. |
||
| 942 |
_hZz4, F8 _cTEXL _2CC |
||
| 999 |
_c1144853 _d1144853 |
||